Elecciones y democracia en Nicaragua: una evaluación de las elecciones de febrero de 1990 /

Αποθηκεύτηκε σε:
Λεπτομέρειες βιβλιογραφικής εγγραφής
Κύριος συγγραφέας: Booth, John Allan
Μορφή: Κείμενο
Ετικέτες: Προσθήκη ετικέτας
Δεν υπάρχουν, Καταχωρήστε ετικέτα πρώτοι!

MARC

LEADER 00000 a a2200000 04500
001 12721
003
040
100 |a Booth, John Allan  
245 |a Elecciones y democracia en Nicaragua:   |b una evaluación de las elecciones de febrero de 1990 /  |c John Allan Booth 
773 |g número 11; páginas 29-43  
999 |c 23060  |d 23060